000 00339nam a22001577a 4500
003 SGT
020 _a8175560918
082 _a651.74, DIW
100 _aDIWAN,PARAG
245 _aBUSINESS COMMUNICATION
250 _a1ST
260 _aNEW DELHI
_bEXCEL PUBLICATION
_c1997
300 _a144
650 _aOFFICE SERVICES
942 _2ddc
_cFCM
999 _c8910
_d8910